000 01114nam a22003257a 4500
001 000570
003 DO-SdBNP
005 20231020102349.0
007 000570
008 161019b 2009 sp a 00| 0 spa d
020 _a9788466792462
040 _aBPMSU
_bspa
_cBPMSU
050 _b
082 4 _a823.83
_bD548c 2009
_222
100 1 _aDickens, Charles,
_d1812-1870
240 _aA Christmas carol.
_hEspañol
245 1 0 _aCanción de Navidad :
_bvillancico en prosa, o, cuento navideño de espectros.
_cCharles Dickens ; ilustraciones de Arthur Rackham, John Leech y Harry Furniss ; traducción, Santiago R. Santerbás.
260 _aMadrid :
_bAnaya,
_c2009.
300 _a175 p. :
_bil. ;
_c22 cm.
534 _aTìtulob original :
_tA Christmas carol
590 _aInventariado, 2023/VM
650 4 _aNavidad - ficción.
650 4 _aFantasmas - Fiction.
651 4 _aGran Bretaña
_xHistoria ficción.
_v
700 1 _aRackham, Arthur,
_d1867-1939.
700 1 _aLeech, John,
_d1817-1864.
700 1 _aFurniss, Harry
910 _aVMateo V. Control de calidad. BPMSU
942 _2ddc
_cBK
999 _c11603
_d11603